000 00301nam a22001337a 4500
008 170802b xxu||||| |||| 00| 0 eng d
020 _a9781424604876
041 _aeng
080 _a004
100 _a32
101 _aSHKI
245 _aNEW HORIZONS CLASSROOM LEARNING
_cMICROSOFT
942 _2udc
_cBK
999 _c22486
_d22486